<?xml version="1.0" encoding="UTF-8"?>
<marc:record xmlns:marc="http://www.loc.gov/MARC21/slim">
   <marc:leader>00000nam a2200000 a 4500</marc:leader>
   <marc:datafield ind1="1" ind2=" " tag="100">
      <marc:subfield code="a">Stangl, Anton</marc:subfield>
      <marc:subfield code="4">aut</marc:subfield>
      <marc:subfield code="e">Verfasser/-in</marc:subfield>
   </marc:datafield>
   <marc:datafield ind1=" " ind2=" " tag="653">
      <marc:subfield code="a">Lehrbuch</marc:subfield>
   </marc:datafield>
   <marc:datafield ind1=" " ind2=" " tag="653">
      <marc:subfield code="a">geistige Themen</marc:subfield>
   </marc:datafield>
   <marc:datafield ind1=" " ind2=" " tag="653">
      <marc:subfield code="a">Pendeln</marc:subfield>
   </marc:datafield>
   <marc:datafield ind1="0" ind2="0" tag="245">
      <marc:subfield code="a">Das große Pendelbuch</marc:subfield>
   </marc:datafield>
   <marc:datafield ind1="0" ind2="0" tag="245">
      <marc:subfield code="b">Persönlichkeit, Gesundheit und erfülltes Leben ; mit 84 Pendeltafeln</marc:subfield>
   </marc:datafield>
   <marc:datafield ind1=" " ind2="1" tag="264">
      <marc:subfield code="b">Ullstein</marc:subfield>
      <marc:subfield code="c">2010</marc:subfield>
   </marc:datafield>
   <marc:datafield ind1="1" ind2=" " tag="520">
      <marc:subfield code="a">Klappentext: Der Klassiker unter den Pendelbüchern in überarbeiteter und erweiterter Neuausgabe. Dr. Anton Stangl arbeitet seit 1958 als Psychologe und Radiästhesist. Durch seine Kurse und Bücher wurde er zu einem der bekanntesten Verbreuter der Radiästhesie und ihrer praktischen Anwendung in Deutschland.  Diese Neuauisgabe seines umfassenden Grundlagenwerkes ersetzt das bisherige Ullstein-Taschenbuch "Pendeln", dessen Inhalt in diese Ausgabe eingearbeitet wurde. Anleitung zum Umgang mit dem Pendel unterstützt durch 84 ganzseitige Pendeltafeln zur Anwendung des Pendels in allen Lebensbereichen.  Über den Autor und weitere Mitwirkende Anton Stangl, selbständiger Psychologe, war bekannt durch zahlreiche Publikationen. In seiner langjährigen Tätigkeit als Seminarleiter hat er die Kunst auf den Punkt gebracht, schwierige Zusammenhänge souverän und klar darzulegen. Er leitete über Jahrzehnte in eigenen Übungsräumen Seminare über Eutonie, Zen-Meditation und geistiges Heilen.</marc:subfield>
   </marc:datafield>
   <marc:datafield ind1=" " ind2=" " tag="020">
      <marc:subfield code="a">9783548743851</marc:subfield>
      <marc:subfield code="9">9783548743851</marc:subfield>
   </marc:datafield>
</marc:record>
